000 00471nam a2200193Ia 4500
005 20250326141952.0
008 250326s9999 xx 000 0 und d
037 _aTextbook
040 _aFMSL
_beng
_cFMSL
041 _aeng
_2eng
084 _qFMSL
100 _aR B I
245 0 _aReport on currency and fice
_cR B I
260 _aReserve
_bReserve, bank of India
_c1987
300 _a238p
490 _vVol II
942 _cTB
999 _c1292834
_d1292834